Музыкальные жанры по описанию 2 - Statistics

General Stats
  • This quiz has been taken 6 times
  • The average score is 5 of 15
Answer Stats
Описание Жанр % Correct
Испанская лёгкая, но заводная гитарная музыка Фламенко
67%
По сути, механически чёткий ритм, берущий своё начало в военном деле Марш
67%
Брутальная тяжёлая гитарная музыка с кричащим вокалом и серьёзными, идеологически заряженными текстами Хардкор
50%
Любительская музыка, выпускаемая местячковыми независимыми лейблами Инди
50%
Специфическая национальная азиатская современная музыка, чётко выверяемая её продюсерами под массовую молодёжную аудиторию K-pop
50%
Фоновая музыка, создающая собой определённый антураж Эмбиент
33%
Метал с заниженными темпом и звуком, создающий атмосферу тяжёлого транса Стоунер
33%
Стильный рок 70-80-х, гротескно эксплуатирующий тематику неформальной мужской сексуальности Глэм
33%
Норвежский метал, вызывающий болезненно-саднящее чувство крайнего отчаяния своим протяжно-гулким приглушённым звуком DSBM
33%
Современная поп-музыка с традиционно множественным протяжным женским темнокожим вокалом R'n'B
33%
Разновидность рэпа с плотной агрессивной читкой Грайм
17%
Рок-музыка с академическим экспериментальным подходом в построении композиции Прогрессив
17%
Мета-жанр, берущий за основу популярные на западе композиции 70-80-х годов с замедлением их темпа и загрязнением их звука Вэйпорвэйв
17%
Массово-танцевальная электронная музыка, часто громко звучащая на больших фестивалях Биг-бит
17%
Медленная плавная струнная музыка для бальных танцев Вальс
17%
No matching quizzes found
Score Distribution
Percent of People with Each Score
Percentile by Number Answered
Your Score History
You have not taken this quiz